000 00958nam a2200277Ia 4500
003 OSt
005 20220925224053.0
006 a|||||r|||| 00| 0
007 ta
008 220923b |||||||| |||| 00| 0 eng d
020 _a9781138888302
_c10246.25
037 _b2009, 06/03/2019, Dhanraj Book House
_cGeneral Book
040 _aRTL
_cRTL
_beng
041 _2eng
_aeng
082 _aX:97D, Q7
100 _aDOUCOULIAGOS Hristos
_9290354
245 0 _aEconomics of trade unions
_b A Study of a research field and its findings
260 _aLondon
_bRoutledge
_c2017
300 _axii, 190p.
_ccm.
500 _aGlossary: p 191-210; Bibliography: p 211-230
650 _aEconomics
700 _a FREEMAN Richard B
_9250610
700 _a LAROCHE Patrice
_9290779
942 _hX:97D, Q7
_cGB
_2CC
999 _c580850
_d580850